[Event "Aragon-chT Honor Gr II"]
[Site "Aragon"]
[Date "2023.01.28"]
[Round "1.15"]
[White "Aribau Rivas, Miguel Angel"]
[Black "Dominguez Bujeda, Jesus"]
[Result "1/2-1/2"]
[WhiteElo "2036"]
[BlackElo "2064"]
[PlyCount "90"]
[EventDate "2023.01.28"]
[EventType "team-tourn"]
[EventRounds "7"]
[EventCountry "ESP"]
[SourceTitle "EXT 2024"]
[Source "ChessBase"]
[SourceDate "2023.10.10"]
[SourceVersion "1"]
[SourceVersionDate "2023.10.10"]
[SourceQuality "1"]
[WhiteTeam "Fraga"]
[BlackTeam "Teruel"]
[WhiteTeamCountry "ESP"]
[BlackTeamCountry "ESP"]

1. e4 c5 2. Nf3 g6 3. c3 d5 4. exd5 Qxd5 5. d4 Bg7 6. Be2 Nc6 7. dxc5 Qxc5 8. Be3 Qa5 9. 0-0 Nh6 10. Na3 0-0 11. Qb3 Nf5 12. Bd2 Qc7 13. Nb5 Qb8 14. a4 Be6 15. Qc2 a6 16. Na3 Rc8 17. Qe4 Rd8 18. Bf4 Nd6 19. Qe3 Qa7 20. Qxa7 Nxa7 21. Rfe1 Nc6 22. Be3 Bb3 23. Bd1 Bd5 24. h3 Re8 25. Be2 Na5 26. Nd2 Rac8 27. Bb6 Nb3 28. Nxb3 Bxb3 29. Bd1 Bd5 30. Bc2 e6 31. a5 Bc6 32. Rad1 Bf8 33. Rd2 Nf5 34. Red1 Nh4 35. f3 g5 36. Rd8 Rcxd8 37. Rxd8 Rxd8 38. Bxd8 Bxa3 39. bxa3 h6 40. Bf6 Nf5 41. Kf2 Nd6 42. Be7 Nc4 43. Bb4 f5 44. Bb3 Bd5 45. Bxc4 Bxc4 1/2-1/2

[Event "Aragon-chT Honor Gr I"]
[Site "Aragon"]
[Date "2021.03.27"]
[Round "3.21"]
[White "Dominguez Bujeda, Jesus"]
[Black "Lopez Gracia, Fernando"]
[Result "1/2-1/2"]
[WhiteElo "2086"]
[BlackElo "2299"]
[PlyCount "111"]
[EventDate "2021.03.13"]
[EventType "team-tourn"]
[EventRounds "7"]
[EventCountry "ESP"]
[SourceTitle "EXT 2024"]
[Source "ChessBase"]
[SourceDate "2023.10.10"]
[SourceVersion "1"]
[SourceVersionDate "2023.10.10"]
[SourceQuality "1"]
[WhiteTeam "Teruel"]
[BlackTeam "IberCaja"]
[WhiteTeamCountry "ESP"]
[BlackTeamCountry "ESP"]

1. d4 Nf6 2. c4 e6 3. Nc3 Bb4 4. e3 d5 5. Qa4+ Nc6 6. Bd2 0-0 7. Nf3 dxc4 8. Bxc4 Bd6 9. h4 a6 10. Ng5 Bd7 11. Qc2 Nb4 12. Qb1 b5 13. Bb3 c5 14. dxc5 Bxc5 15. Nce4 Nxe4 16. Qxe4 f5 17. Bxe6+ Kh8 18. Qb1 Qe7 19. Bb3 Bc6 20. a3 Nd5 21. Qc2 Rac8 22. Kf1 Bb7 23. Qd3 Rcd8 24. Qe2 Nf4 25. exf4 Bxg2+ 26. Ke1 Bxh1 27. Qxe7 Bxe7 28. Ne6 Bxh4 29. Bc3 Bf6 30. Bxf6 gxf6 31. Ke2 Be4 32. f3 Bb7 33. Nxf8 Rxf8 34. Rd1 Re8+ 35. Kf2 Bc8 36. Rd6 Kg7 37. Bc2 Re6 38. Rd5 Rc6 39. Bd3 Be6 40. Rd8 Kg6 41. Kg3 Bc4 42. Bb1 Bb3 43. Rd2 Rc1 44. Bd3 h5 45. Kg2 Re1 46. Kf2 Rc1 47. Kg2 Bc4 48. Bc2 a5 49. Kh2 Bf1 50. Kg3 b4 51. axb4 axb4 52. Ba4 Bc4 53. Be8+ Kg7 54. Bxh5 b3 55. Rd7+ Kh6 56. Bf7 1/2-1/2

[Event "Aragon-chT Honor Gr-I"]
[Site "Aragon"]
[Date "2020.02.22"]
[Round "5.22"]
[White "Calvo Simon, Jorge"]
[Black "Dominguez Bujeda, Jesus"]
[Result "1-0"]
[WhiteElo "2213"]
[BlackElo "2079"]
[PlyCount "81"]
[EventDate "2020.01.25"]
[EventType "team-tourn"]
[EventRounds "7"]
[EventCountry "ESP"]
[SourceTitle "EXT 2022"]
[Source "ChessBase"]
[SourceDate "2021.10.06"]
[SourceVersion "1"]
[SourceVersionDate "2021.10.06"]
[SourceQuality "1"]
[WhiteTeam "Helios"]
[BlackTeam "Teruel"]
[WhiteTeamCountry "ESP"]
[BlackTeamCountry "ESP"]

1. g3 d5 2. Bg2 e5 3. c4 d4 4. d3 Nf6 5. Nf3 Nc6 6. 0-0 Be7 7. a3 a5 8. Re1 0-0 9. e3 Nd7 10. exd4 exd4 11. Nbd2 Nc5 12. Nb3 Bg4 13. Nxc5 Bxc5 14. Qb3 Qd7 15. Bd2 a4 16. Qb5 Bb6 17. Bb4 Rfe8 18. Rxe8+ Qxe8 19. Re1 Qd7 20. Ng5 h6 21. h3 Nxb4 22. Qxb4 hxg5 23. hxg4 Re8 24. Rxe8+ Qxe8 25. c5 Ba7 26. Qa5 Qb8 27. Be4 c6 28. Kg2 g6 29. Qb4 Qf8 30. Qxb7 Qxc5 31. Bxc6 Qb6 32. Kf3 Kg7 33. Qxb6 Bxb6 34. Ke4 Kf6 35. Bxa4 Ke7 36. Kd5 f5 37. b4 Kf6 38. gxf5 Kxf5 39. Bd7+ Kf6 40. a4 Ke7 41. Kc6 1-0

[Event "Aragon-chT Honor Gr-I"]
[Site "Aragon"]
[Date "2020.02.15"]
[Round "4.1"]
[White "Forcen Esteban, Daniel"]
[Black "Dominguez Bujeda, Jesus"]
[Result "1-0"]
[WhiteElo "2548"]
[BlackElo "2079"]
[PlyCount "47"]
[EventDate "2020.01.25"]
[EventType "team-tourn"]
[EventRounds "7"]
[EventCountry "ESP"]
[SourceTitle "EXT 2022"]
[Source "ChessBase"]
[SourceDate "2021.10.06"]
[SourceVersion "1"]
[SourceVersionDate "2021.10.06"]
[SourceQuality "1"]
[WhiteTeam "Jaime Casas"]
[BlackTeam "Teruel"]
[WhiteTeamCountry "ESP"]
[BlackTeamCountry "ESP"]

1. e4 c5 2. Nf3 g6 3. c3 Nf6 4. e5 Nd5 5. d4 cxd4 6. Qxd4 Nc7 7. Bc4 Bg7 8. Qh4 h6 9. 0-0 Nc6 10. Re1 b5 11. Bb3 Bb7 12. Nbd2 Na5 13. Bc2 Ne6 14. Nd4 Nxd4 15. cxd4 Rc8 16. Bd3 Qb6 17. Ne4 Bxe4 18. Qxe4 a6 19. b3 d5 20. exd6 Qxd6 21. Bf4 Qd7 22. Rad1 Rd8 23. Rc1 0-0 24. Bc7 1-0

[Event "Aragon-chT Honor Gr II"]
[Site "Aragon"]
[Date "2018.01.27"]
[Round "1.21"]
[White "Dominguez Bujeda, Jesus"]
[Black "Lana Rodriguez, David"]
[Result "0-1"]
[WhiteElo "2097"]
[BlackElo "2275"]
[PlyCount "22"]
[EventDate "2018.01.27"]
[EventType "team-tourn"]
[EventRounds "7"]
[EventCountry "ESP"]
[SourceTitle "EXT 2019"]
[Source "ChessBase"]
[SourceDate "2018.10.10"]
[SourceVersion "1"]
[SourceVersionDate "2018.10.10"]
[SourceQuality "1"]
[WhiteTeam "Teruel"]
[BlackTeam "Agrupacion"]
[WhiteTeamCountry "ESP"]
[BlackTeamCountry "ESP"]

1. d4 d6 2. c4 e5 3. d5 f5 4. e4 fxe4 5. Nc3 Nf6 6. Nge2 Bf5 7. Ng3 Bg6 8. Bg5 Nbd7 9. Ngxe4 Be7 10. Bd3 Nxe4 11. Bxe7 Nxc3 0-1

[Event "Aragon-chT Honor GrA"]
[Site "Aragon"]
[Date "2016.02.06"]
[Round "2.10"]
[White "Roche Simon, Manuel Angel"]
[Black "Dominguez Bujeda, Jesus"]
[Result "1-0"]
[WhiteElo "2143"]
[BlackElo "2119"]
[PlyCount "93"]
[EventDate "2016.01.30"]
[EventType "team-tourn"]
[EventRounds "7"]
[EventCountry "ESP"]
[SourceTitle "EXT 2018"]
[Source "ChessBase"]
[SourceDate "2017.10.13"]
[SourceVersion "1"]
[SourceVersionDate "2017.10.13"]
[SourceQuality "1"]
[WhiteTeam "Delicias"]
[BlackTeam "Teruel"]
[WhiteTeamCountry "ESP"]
[BlackTeamCountry "ESP"]

1. e4 c5 2. Nf3 Nc6 3. d4 cxd4 4. Nxd4 g6 5. Nc3 Bg7 6. Be3 Nf6 7. Bc4 0-0 8. Bb3 e6 9. 0-0 d5 10. exd5 exd5 11. h3 Na5 12. Qd3 Nxb3 13. axb3 Ne4 14. Ndb5 Nxc3 15. bxc3 Bf5 16. Qd2 a6 17. Nd4 Bd7 18. Ne2 Bb5 19. Rfe1 Rc8 20. Bd4 Bxe2 21. Rxe2 Bxd4 22. Qxd4 Re8 23. Rae1 Rxe2 24. Rxe2 Qg5 25. Re3 Qf5 26. Re2 Qg5 27. f4 Qh4 28. Kh2 Qd8 29. Re5 Qc7 30. Rxd5 b5 31. Rd7 Qc6 32. Rd6 Qc7 33. Qf6 a5 34. h4 a4 35. bxa4 bxa4 36. h5 Qc5 37. hxg6 hxg6 38. Rd3 Qf5 39. Qd4 Ra8 40. Rh3 f6 41. Qc4+ Kg7 42. Qc7+ Kg8 43. Qh7+ Kf8 44. Qh8+ Ke7 45. Rh7+ Kd6 46. Qxa8 Qxf4+ 47. g3 1-0

[Event "Aragon-chT Honor GrA"]
[Site "Aragon"]
[Date "2015.02.14"]
[Round "4.6"]
[White "Dominguez Bujeda, Jesus"]
[Black "Gomez Anadon, Daniel"]
[Result "1/2-1/2"]
[WhiteElo "2135"]
[BlackElo "2249"]
[PlyCount "61"]
[EventDate "2015.01.24"]
[EventType "team-tourn"]
[EventRounds "7"]
[EventCountry "ESP"]
[SourceTitle "EXT 2017"]
[Source "ChessBase"]
[SourceDate "2016.10.25"]
[SourceVersion "1"]
[SourceVersionDate "2016.10.25"]
[SourceQuality "1"]
[WhiteTeam "Teruel"]
[BlackTeam "St Casablanca II"]
[WhiteTeamCountry "ESP"]
[BlackTeamCountry "ESP"]

1. d4 d5 2. c4 e6 3. Nc3 c6 4. e4 Bb4 5. Bd3 dxe4 6. Bxe4 Nf6 7. Bc2 c5 8. Nf3 Qa5 9. 0-0 Bxc3 10. bxc3 Qxc3 11. Bf4 0-0 12. Rc1 Qa5 13. Bd6 Re8 14. Ne5 cxd4 15. Qxd4 Nc6 16. Nxc6 bxc6 17. c5 Ba6 18. Rfe1 Rad8 19. Qh4 e5 20. Bxe5 Qd2 21. f4 Bd3 22. Bxf6 gxf6 23. Bxd3 Qxd3 24. Qxf6 Rxe1+ 25. Rxe1 Qd4+ 26. Qxd4 Rxd4 27. Re8+ Kg7 28. Rc8 Rxf4 29. Rxc6 Ra4 30. Rc8 Rxa2 31. c6 1/2-1/2

[Event "Aragon-chT Honor GrA"]
[Site "Aragon"]
[Date "2014.02.22"]
[Round "5.14"]
[White "Gomez Anadon, Daniel"]
[Black "Dominguez Bujeda, Jesus"]
[Result "1/2-1/2"]
[WhiteElo "2244"]
[BlackElo "2171"]
[PlyCount "132"]
[EventDate "2014.01.25"]
[EventType "team-tourn"]
[EventRounds "7"]
[EventCountry "ESP"]
[SourceTitle "EXT 2015"]
[Source "ChessBase"]
[SourceDate "2014.11.20"]
[SourceVersion "1"]
[SourceVersionDate "2014.11.20"]
[SourceQuality "1"]
[WhiteTeam "St Casablanca II"]
[BlackTeam "Teruel"]
[WhiteTeamCountry "ESP"]
[BlackTeamCountry "ESP"]

1. e4 c5 2. Nf3 g6 3. d4 cxd4 4. Nxd4 Nc6 5. c4 Nf6 6. Nc3 d6 7. Be2 Nxd4 8. Qxd4 Bg7 9. Be3 0-0 10. Qd2 Be6 11. Rc1 Qa5 12. 0-0 Rfc8 13. b3 a6 14. f3 b5 15. Nd5 Qxd2 16. Bxd2 Nxd5 17. cxd5 Bd4+ 18. Kh1 Bd7 19. Rxc8+ Rxc8 20. Rc1 Rxc1+ 21. Bxc1 f5 22. g3 fxe4 23. fxe4 Bh3 24. a4 bxa4 25. bxa4 a5 26. Bd2 Bb6 27. g4 Kf7 28. Bc3 e6 29. dxe6+ Kxe6 30. Bc4+ Ke7 31. g5 Bd7 32. Bf6+ Kf8 33. Kg2 Bxa4 34. e5 Bc6+ 35. Kf1 d5 36. Be2 Bd7 37. Bf3 Be6 38. Bd1 Bh3+ 39. Ke1 Bg1 40. Bb3 Be6 41. h4 Bb6 42. Bc2 Kf7 43. Ba4 Bf5 44. Bc6 Ke6 45. Bb7 d4 46. Bc8+ Kf7 47. Bxf5 gxf5 48. h5 a4 49. g6+ hxg6 50. h6 a3 51. h7 a2 52. h8Q a1Q+ 53. Ke2 Qb2+ 54. Kd1 Qb1+ 55. Kd2 Ba5+ 56. Ke2 Qe1+ 57. Kd3 Qc3+ 58. Ke2 Qd2+ 59. Kf1 Qd1+ 60. Kg2 Qg4+ 61. Kf2 Qf4+ 62. Kg1 Qe3+ 63. Kg2 Be1 64. Qg7+ Ke6 65. Qg8+ Kd7 66. Qd5+ Kc8 1/2-1/2